British Music - Statistics

General Stats
  • This quiz has been taken 20 times
  • The average score is 14 of 26
Answer Stats
Question Answer % Correct
Which November 1975 song became Queen's first no.1 UK hit Bohemian Rhapsody
84%
Adele famously sung the theme song for which 2012 James Bond film? Skyfall
84%
In what year was Beatles' guitarist John Lennon murdered? 1980
79%
Born in Enfield in 1983, who became the first British woman to win 5 Grammys, including 2008's song of the year for 'Rehab'? Amy Winehouse
74%
Disco icons the Bee Gees wrote the soundtrack to what 1977 film starring John Travolta? Saturday Night Fever
68%
London-founded rock band Fleetwood Mac was joined in 1974 by American musicians Lindsey Buckingham and who? Stevie Nicks
68%
Having recently resurged this song in popularity thanks to Jennifer Saunders' cover in Shrek 2 (2004), Holding Out For a Hero was originally sung by which Welsh singer? Bonnie Tyler
63%
Released in 1986 by Irish-English pop group Bananarama, what song was named after the Roman goddess of love and peaked at no.8 on the UK singles chart for 13 weeks? Venus
63%
Reginald Kenneth Dwight is the real name of which flamboyant piano singer? Elton John
58%
Formed 1981, this pop duo released their debut album Fantastic in 1983 and the rise of MTV helping to push songs like 'Everything She Wants' and 'Careless Whisper' into the US Billboard Hot 100 Wham!
58%
Around stories she didn't even read it, in 1978 Kate Bush became the first female music artist to have a uk no.1 hit with a self-written song about what book? Wuthering Heights
58%
As the best-selling girl group in history, what was the Spice Girls' best selling album, selling more than 23 million copies worldwide? Spice
53%
In 1981, pop quartet Buck's Fizz secured Britain's fourth Eurovision win with what catchy song? Making Your Mind Up
53%
Which swinging sixties London-born soul and country singer was known for 'I Only Want to be With You' in 1963 and 'Son of a Preacher Man' in 1968? Dusty Springfield
47%
Which Scottish singer represented Britain at the 1969 Eurovision song contest in a joint four-way tie for first place alongside Spain, France, and the Netherlands? Lulu
47%
Kate Bush also had another UK no.1 hit in 2022 from what song she released in 1985, because of its use in Series 4 of Stranger Things? Running Up That Hill
47%
One Direction was a teen-pop boyband formed in 2010 by what music producer? Simon Cowell
47%
The film and ELO song above also specially featured what Cambridge-born singer and famous Pink Lady? Olivia Newton-John
42%
Having been an original member until he passed in 2023, Paul Cattermole was part of this millennium pop band with hit songs 'Don't Stop Movin' and 'Reach' S Club 7
42%
Welsh singer Tom Jones scored 3 #1 UK top chart hits, and remained there for how many weeks in total? 9
37%
For her singles 'Just For Me' and 'Pain', PinkPantheress won the Sound of 2022 Award from which broadcasting coroporation? BBC
37%
Jeff Lynne's Electric Light Orchestra (ELO) rock band only reached the UK #1 for what 1980 song and film of the same name? Xanadu
37%
In 1977, David Bowie guest starred a performance 'Little Drummer Boy' with which American singer in his Christmas special 'Merrie Olde Christmas'? Bing Crosby
32%
Formed in 1998, this all-girl pop group released their debut album 'One Touch' in 2000, with their later platinum album 'Taller In More Ways' reaching to be their first no.1 on the UK albums chart Sugababes
32%
What was the first Beatles album to reach the UK no. 1, doing so in 1963? Please Please Me
26%
What was Ed Sheeran's single that debuted at no.3 in the UK singles chart in 2011? The A Team
26%
No matching quizzes found
Score Distribution
Percent of People with Each Score
Percentile by Number Answered
Your Score History
You have not taken this quiz